| 000 | 00833nam a2200229 i 4500 | ||
|---|---|---|---|
| 001 | 172729 | ||
| 003 | ES-MaACL | ||
| 005 | 20240511063042.0 | ||
| 008 | 090907s1918 sp |||| | spa d | ||
| 040 | _cES-MaACL | ||
| 080 | _a378(460) | ||
| 100 | 1 |
_aRecasens y Girol, Sebastián, _d1863-1933 _995752 _eaut |
|
| 245 | 1 | 0 |
_aConferencia dada en el Ateneo de Madrid sobre política universitaria en diciembre de 1917 / _cpor Sebastián Recasens. |
| 260 |
_aMadrid : _b[s.n.], _c1918 _f(Imp. y Librería de Nicolás Moya) |
||
| 300 |
_a15 páginas ; _c24 cm. |
||
| 610 | 2 | 4 |
_aAteneo de Madrid- _vConferencias- _y1900-1939 _91907 |
| 650 | 1 | 4 |
_aEnseñanza superior- _zEspaña- _yS.XX _912320 |
| 852 |
_aES-MaACL _cDEPOF _j2298-F-10 |
||
| 942 |
_cFOLLETOS _n0 |
||
| 999 |
_c172729 _d172729 |
||